[Event "Concepcion Regional-ch"]
[Site "Concepcion"]
[Date "2015.05.??"]
[Round "2"]
[White "Fonseca Vivallos, Sergio"]
[Black "Riffo Paz, Elizardo"]
[Result "1/2-1/2"]
[WhiteElo "2019"]
[BlackElo "2206"]
[PlyCount "37"]
[EventDate "2015.05.01"]
[EventType "swiss"]
[EventRounds "7"]
[EventCountry "CHI"]
[SourceTitle "EXT 2016"]
[Source "ChessBase"]
[SourceDate "2015.10.08"]
[SourceVersion "1"]
[SourceVersionDate "2015.10.08"]
[SourceQuality "1"]

1. e4 d5 2. exd5 Nf6 3. d4 Bg4 4. Qd3 Qxd5 5. c4 Qd7 6. Nf3 Nc6 7. d5 0-0-0 8. Bd2 e6 9. dxc6 Qxd3 10. cxb7+ Kxb7 11. Bxd3 Bxf3 12. Bf1 Bh5 13. f3 Bc5 14. Bc3 Ne4 15. Be2 Nf2 16. Rf1 Nd3+ 17. Bxd3 Rxd3 18. Nd2 Rhd8 19. 0-0-0 1/2-1/2

[Event "Talcahuano"]
[Site "Talcahuano"]
[Date "2012.07.02"]
[Round "8"]
[White "Alarcon Mondrus, Rodrigo"]
[Black "Riffo Paz, Elizardo"]
[Result "0-1"]
[WhiteElo "2174"]
[BlackElo "2238"]
[PlyCount "90"]
[EventDate "2012.06.02"]
[EventType "tourn"]
[EventRounds "9"]
[EventCountry "CHI"]
[SourceTitle "CBM 149 Extra"]
[Source "ChessBase"]
[SourceDate "2012.08.24"]
[SourceVersion "1"]
[SourceVersionDate "2012.08.24"]
[SourceQuality "1"]

1. d4 Nf6 2. c4 e5 3. dxe5 Ng4 4. Bf4 Nc6 5. Nf3 Bb4+ 6. Nbd2 f6 7. a3 fxe5 8. Bg3 Bxd2+ 9. Qxd2 d6 10. c5 e4 11. Nd4 e3 12. fxe3 0-0 13. Nxc6 bxc6 14. cxd6 cxd6 15. Bxd6 Nf2 16. Bxf8 Qxf8 17. e4 Nxh1 18. Qe3 Be6 19. g3 Rb8 20. b4 a5 21. bxa5 Rb3 22. Qd4 c5 23. Qe5 Qf2+ 24. Kd2 Kf7 25. Qf4+ Ke8 26. Qxf2 Nxf2 27. Bg2 Rb5 28. a6 Ra5 29. Rc1 c4 30. h3 Rxa6 31. Rc3 Bxh3 32. Bf3 Be6 33. Ke1 Nh3 34. e5 Ng5 35. Bg2 Ke7 36. Kf2 Ra5 37. e3 Rxe5 38. a4 Ra5 39. Ra3 Kd6 40. e4 Kc5 41. Ke3 Bd7 42. e5 Rxa4 43. Rc3 Nf7 44. Be4 h6 45. Kf4 g5+ 0-1

[Event "Talcahuano"]
[Site "Talcahuano"]
[Date "2012.07.01"]
[Round "6"]
[White "Caceres Leal, Jaime"]
[Black "Riffo Paz, Elizardo"]
[Result "0-1"]
[WhiteElo "2137"]
[BlackElo "2238"]
[PlyCount "89"]
[EventDate "2012.06.02"]
[EventType "tourn"]
[EventRounds "9"]
[EventCountry "CHI"]
[SourceTitle "CBM 149 Extra"]
[Source "ChessBase"]
[SourceDate "2012.08.24"]
[SourceVersion "1"]
[SourceVersionDate "2012.08.24"]
[SourceQuality "1"]

1. e4 c5 2. c3 Nf6 3. e5 Nd5 4. d4 cxd4 5. Nf3 e6 6. cxd4 b6 7. Nc3 Nxc3 8. bxc3 Be7 9. Bd3 Ba6 10. c4 0-0 11. Qe2 Nc6 12. d5 exd5 13. cxd5 Bxd3 14. Qxd3 Nxe5 15. Nxe5 Bf6 16. Bb2 Re8 17. 0-0 Bxe5 18. Bxe5 Rxe5 19. d6 Qf6 20. Rac1 Re6 21. Rfd1 Rae8 22. Kf1 h5 23. h3 g6 24. Rc7 Re3 25. Qd2 Qf4 26. Rxa7 Rxh3 27. Kg1 Rh4 28. Ra3 Rg4 29. Rb3 h4 30. Qd3 Qg5 31. Qf3 Rf4 32. Qh3 Re2 33. Rf1 Qc5 34. Rf3 Rxf3 35. Qxf3 Rd2 36. Qf6 Qxd6 37. Qxh4 Rxa2 38. Qd8+ Kg7 39. Rb1 b5 40. Qg5 b4 41. Qg4 b3 42. Rd1 Qxd1+ 43. Qxd1 b2 44. Qd4+ Kg8 45. Kh2 0-1

[Event "Talcahuano"]
[Site "Talcahuano"]
[Date "2012.06.03"]
[Round "3"]
[White "Riffo Paz, Elizardo"]
[Black "Rojas Sepulveda, Eduardo"]
[Result "0-1"]
[WhiteElo "2238"]
[BlackElo "2315"]
[PlyCount "66"]
[EventDate "2012.06.02"]
[EventType "tourn"]
[EventRounds "9"]
[EventCountry "CHI"]
[SourceTitle "CBM 149 Extra"]
[Source "ChessBase"]
[SourceDate "2012.08.24"]
[SourceVersion "1"]
[SourceVersionDate "2012.08.24"]
[SourceQuality "1"]

1. e4 c5 2. Nf3 Nc6 3. d4 cxd4 4. Nxd4 Qb6 5. Nb3 Nf6 6. Nc3 e6 7. Be3 Qc7 8. a3 a6 9. f4 d6 10. Be2 b5 11. Bf3 Bb7 12. 0-0 Be7 13. Qd2 0-0 14. Qf2 Rac8 15. Bb6 Qb8 16. Rae1 b4 17. axb4 Nxb4 18. Ba7 Qa8 19. Bd4 Nd7 20. Bxg7 Kxg7 21. Qd4+ Kg8 22. Qxb4 Qa7+ 23. Kh1 Qb6 24. Qxb6 Nxb6 25. e5 Bxf3 26. Rxf3 dxe5 27. fxe5 Nc4 28. Ra1 Nxb2 29. Rxa6 Nc4 30. Ra7 Rfe8 31. Ne4 Nxe5 32. Nf6+ Bxf6 33. Rxf6 Rxc2 0-1

[Event "Fuerzas del Sur"]
[Site "Fuerzas del Sur"]
[Date "2012.02.13"]
[Round "5"]
[White "Riffo Paz, Elizardo"]
[Black "Caceres Leal, Jaime"]
[Result "0-1"]
[WhiteElo "2238"]
[BlackElo "2122"]
[PlyCount "86"]
[EventDate "2012.02.09"]
[EventType "tourn"]
[EventRounds "7"]
[EventCountry "CHI"]
[SourceTitle "CBM 147 Extra"]
[Source "ChessBase"]
[SourceDate "2012.04.24"]
[SourceVersion "1"]
[SourceVersionDate "2012.04.24"]
[SourceQuality "1"]

1. e4 e6 2. d4 d5 3. Nc3 Bb4 4. Bd2 Ne7 5. Qg4 dxe4 6. Qxe4 Nd5 7. Nf3 b6 8. Bb5+ c6 9. Bd3 Nd7 10. a3 Bd6 11. Nxd5 cxd5 12. Qg4 Kf8 13. h4 e5 14. dxe5 Nxe5 15. Qd4 Nxf3+ 16. gxf3 Qe7+ 17. Kf1 Qe5 18. Qxe5 Bxe5 19. Bb4+ Kg8 20. Re1 f6 21. f4 a5 22. fxe5 axb4 23. exf6 bxa3 24. bxa3 gxf6 25. Re7 Kf8 26. Rc7 Rg8 27. Rxh7 Rg7 28. Rh6 Kf7 29. Ke2 Ba6 30. Bxa6 Rxa6 31. Rb1 Rg4 32. Rb3 Re4+ 33. Kd2 Rf4 34. f3 Rfa4 35. Rh7+ Kg6 36. Rd7 R6a5 37. Rxb6 Rxh4 38. Rdd6 Rf4 39. Ke3 Rf5 40. Rb3 Rc5 41. c3 Rc4 42. a4 Rxa4 43. Rb5 d4+ 0-1

[Event "Fuerzas del Sur"]
[Site "Fuerzas del Sur"]
[Date "2012.02.09"]
[Round "1"]
[White "Riffo Paz, Elizardo"]
[Black "Henriquez Pacheco, Daniel"]
[Result "0-1"]
[WhiteElo "2238"]
[BlackElo "2180"]
[PlyCount "86"]
[EventDate "2012.02.09"]
[EventType "tourn"]
[EventRounds "7"]
[EventCountry "CHI"]
[SourceTitle "CBM 147 Extra"]
[Source "ChessBase"]
[SourceDate "2012.04.24"]
[SourceVersion "1"]
[SourceVersionDate "2012.04.24"]
[SourceQuality "1"]

1. e4 e5 2. Nf3 Nc6 3. Bb5 a6 4. Ba4 Nf6 5. 0-0 b5 6. Bb3 Bc5 7. Nxe5 Nxe5 8. d4 d6 9. dxc5 dxc5 10. Qxd8+ Kxd8 11. f4 Nc6 12. Bxf7 Nd4 13. Bb3 Ne2+ 14. Kh1 Nxc1 15. Rxc1 c4 16. Nd2 cxb3 17. cxb3 Bb7 18. Re1 Ke7 19. Rac1 Rac8 20. Rc5 Rhd8 21. Nf3 Kf8 22. Ng5 Kg8 23. e5 Nd5 24. Ne6 Re8 25. f5 Re7 26. Kg1 Rce8 27. Kf2 c6 28. a3 Bc8 29. Nd4 Nf4 30. Rd1 Rxe5 31. Rxe5 Rxe5 32. Nxc6 Re8 33. Kf3 Nxg2 34. Ne7+ Rxe7 35. Rd8+ Kf7 36. Rxc8 Ne1+ 37. Kg3 Re2 38. Rc7+ Kf6 39. Rc6+ Kxf5 40. Rxa6 Rg2+ 41. Kh3 g5 42. Ra8 g4+ 43. Kh4 Nf3+ 0-1

[Event "CHI-ch Fenach"]
[Site "Santiago de Chile"]
[Date "2007.02.10"]
[Round "7"]
[White "Riffo Paz, Elizardo"]
[Black "Salas Arros, Cristian Eduardo"]
[Result "1/2-1/2"]
[WhiteElo "2279"]
[BlackElo "2418"]
[PlyCount "85"]
[EventDate "2007.02.05"]
[EventType "tourn"]
[EventRounds "9"]
[EventCountry "CHI"]
[EventCategory "3"]
[SourceTitle "CBM 116 Extra"]
[Source "ChessBase"]
[SourceDate "2007.03.07"]
[SourceVersion "1"]
[SourceVersionDate "2007.03.07"]
[SourceQuality "1"]

1. e4 e5 2. Nf3 Nc6 3. Bb5 a6 4. Ba4 Nf6 5. 0-0 b5 6. Bb3 Bc5 7. Qe2 d6 8. c3 0-0 9. Rd1 Bg4 10. d3 Nh5 11. Bd5 Qd7 12. Bxc6 Qxc6 13. d4 exd4 14. h3 Ng3 15. Qd3 Bxf3 16. gxf3 dxc3 17. Nxc3 Rae8 18. Kg2 Nh5 19. Qd5 Qxd5 20. Nxd5 f5 21. b4 Ba7 22. Nxc7 Re7 23. Nd5 Re6 24. exf5 Rxf5 25. Be3 Ree5 26. Rac1 Bxe3 27. Nxe3 Nf4+ 28. Kf1 Rh5 29. Rc8+ Kf7 30. Rxd6 Rxh3 31. Ke1 Rxf3 32. Rc7+ Re7 33. Rxe7+ Kxe7 34. Rxa6 h5 35. a4 bxa4 36. Rxa4 g5 37. b5 Kd7 38. Rd4+ Kc8 39. Nd5 Ng6 40. Ne3 g4 41. Nxg4 hxg4 42. Rxg4 Nf4 43. Rg3 1/2-1/2

[Event "CHI-ch Fenach"]
[Site "Santiago de Chile"]
[Date "2007.02.05"]
[Round "1"]
[White "Riffo Paz, Elizardo"]
[Black "Mesias Rojas, Rabindranath"]
[Result "0-1"]
[WhiteElo "2279"]
[BlackElo "2220"]
[PlyCount "96"]
[EventDate "2007.02.05"]
[EventType "tourn"]
[EventRounds "9"]
[EventCountry "CHI"]
[EventCategory "3"]
[SourceTitle "CBM 116 Extra"]
[Source "ChessBase"]
[SourceDate "2007.03.07"]
[SourceVersion "1"]
[SourceVersionDate "2007.03.07"]
[SourceQuality "1"]

1. d4 Nf6 2. c4 c5 3. d5 e5 4. Nc3 d6 5. e4 Be7 6. h3 a6 7. Nf3 0-0 8. a4 Ne8 9. Bd3 g6 10. Bh6 Ng7 11. g4 Kh8 12. Qd2 Nd7 13. Ng1 Nf6 14. f4 exf4 15. Bxf4 Nd7 16. Nf3 f6 17. 0-0-0 Ne5 18. Rdf1 Bd7 19. Be2 Qa5 20. Nxe5 fxe5 21. Bg5 Bxg5 22. Qxg5 Qd8 23. Rxf8+ Qxf8 24. Rf1 Qd8 25. Qf6 Qxf6 26. Rxf6 Ne8 27. Rf7 Rd8 28. Re7 g5 29. Rf7 Kg8 30. Rf1 Kg7 31. Kd2 Nf6 32. Rg1 h5 33. gxh5 Kh6 34. Bg4 Nxh5 35. Ne2 Nf4 36. Ng3 Nxh3 37. Bxh3 Bxh3 38. Rh1 g4 39. Nf5+ Kg5 40. Ke3 b6 41. Ra1 Bg2 42. b3 Rh8 43. Nxd6 Rh3+ 44. Kf2 Bh1 45. Rg1 Kf4 46. Nf5 Bxe4 47. Ng3 Rh2+ 48. Ke1 Bf3 0-1

[Event "CHI-ch 04"]
[Site "Santiago de Chile"]
[Date "2005.01.04"]
[Round "1"]
[White "Lopez Silva, Hugo Andres"]
[Black "Riffo Paz, Elizardo"]
[Result "1-0"]
[WhiteElo "2386"]
[BlackElo "2299"]
[PlyCount "117"]
[EventDate "2005.01.04"]
[EventType "tourn"]
[EventRounds "11"]
[EventCountry "CHI"]
[EventCategory "2"]
[SourceTitle "CBM 104 Extra"]
[Source "ChessBase"]
[SourceDate "2005.03.01"]
[SourceVersion "1"]
[SourceVersionDate "2005.03.01"]
[SourceQuality "1"]

1. e4 e6 2. d4 d5 3. Nc3 Bb4 4. Nge2 Nf6 5. Bg5 h6 6. Bxf6 Qxf6 7. a3 Bxc3+ 8. Nxc3 dxe4 9. Nxe4 Qe7 10. Qh5 Nd7 11. 0-0-0 0-0 12. f4 b6 13. Bd3 Bb7 14. Rhe1 Nf6 15. Qh4 Rfe8 16. Nf2 Nd5 17. Qg3 Qf6 18. Re4 Ne7 19. Ng4 Qg6 20. Re2 Nf5 21. Qh3 h5 22. Ne3 Qh6 23. Nxf5 exf5 24. Qxf5 Rxe2 25. Bxe2 Re8 26. Bc4 Re7 27. g3 Be4 28. Qc8+ Kh7 29. Qd8 Qd6 30. Qf8 Kg6 31. Re1 f5 32. c3 a5 33. h4 Qd7 34. Bb5 Qd6 35. Bc4 Qd7 36. Bb5 Qe6 37. d5 Qf6 38. Be8+ Kh7 39. Qxf6 gxf6 40. Bxh5 Rd7 41. c4 Kh6 42. Bd1 b5 43. b3 a4 44. cxb5 Rxd5 45. bxa4 Rd3 46. g4 Rxa3 47. gxf5 Bxf5 48. Re7 Rc3+ 49. Kb2 Rc4 50. Bb3 Rxf4 51. Rxc7 Rxh4 52. b6 Rb4 53. Rc6 Kg5 54. Ka3 Rd4 55. Rc5 Kf4 56. a5 Be4 57. a6 Rd6 58. Rb5 Bd3 59. Rb4+ 1-0

[Event "Jose Cabezas Memorial"]
[Site "Santiago de Chile"]
[Date "2004.10.09"]
[Round "2"]
[White "Riffo Paz, Elizardo"]
[Black "Garcia Cardenas, Carolina"]
[Result "1-0"]
[WhiteElo "2295"]
[BlackElo "2065"]
[PlyCount "81"]
[EventDate "2004.10.09"]
[EventType "swiss"]
[EventRounds "3"]
[EventCountry "CHI"]
[SourceTitle "CBM 103 Extra"]
[Source "ChessBase"]
[SourceDate "2005.01.01"]
[SourceVersion "1"]
[SourceVersionDate "2005.01.01"]
[SourceQuality "1"]

1. e4 e5 2. Nf3 Nc6 3. d4 exd4 4. Nxd4 Bc5 5. Nf5 g6 6. Ne3 Bd4 7. Nc3 Nge7 8. Ned5 Nxd5 9. exd5 Bxc3+ 10. bxc3 Nb8 11. Qd4 0-0 12. Bh6 Re8+ 13. Be2 f6 14. d6 Nc6 15. Qd5+ Re6 16. 0-0 Ne5 17. Bf4 cxd6 18. Qb3 Kg7 19. c4 Qc7 20. Qh3 b6 21. Bh6+ Kg8 22. f4 Nf7 23. Bf3 Qc5+ 24. Kh1 Rb8 25. Bd5 Re3 26. Qh4 Qd4 27. Rad1 Qc3 28. f5 g5 29. Qh5 Re7 30. Bxg5 fxg5 31. Qxg5+ Kf8 32. Bxf7 Rxf7 33. Qh6+ Kg8 34. Qxd6 Rb7 35. Rd4 b5 36. c5 b4 37. h3 Rb5 38. Re4 Qxc5 39. Re8+ Kg7 40. Qg3+ Kf6 41. Qh4+ 1-0

[Event "Santiago CC Aj Talcahuano-B"]
[Site "Santiago de Chile"]
[Date "2003.08.06"]
[Round "7"]
[White "Vargas Maliqueo, Ivan Patricio"]
[Black "Riffo Paz, Elizardo"]
[Result "0-1"]
[WhiteElo "2262"]
[BlackElo "2317"]
[PlyCount "52"]
[EventDate "2003.08.??"]
[EventType "tourn"]
[EventRounds "10"]
[EventCountry "CHI"]
[SourceTitle "EXT 2004"]
[Source "ChessBase"]
[SourceDate "2003.11.25"]
[SourceVersion "1"]
[SourceVersionDate "2003.11.25"]
[SourceQuality "1"]

1. d4 Nf6 2. c4 e5 3. dxe5 Ng4 4. Bf4 Nc6 5. Nf3 Bb4+ 6. Nbd2 f6 7. e3 fxe5 8. Bg5 Be7 9. Ne4 0-0 10. Bxe7 Qxe7 11. Bd3 d6 12. Qb3 a5 13. c5+ Kh8 14. cxd6 cxd6 15. Bc4 Bf5 16. Ng3 e4 17. Nxf5 Rxf5 18. h3 Nxf2 19. Kxf2 exf3 20. gxf3 Raf8 21. Bd5 Nb4 22. Rad1 Nxd5 23. Rxd5 Rxf3+ 24. Ke2 Qe4 25. Rh2 Rxe3+ 26. Qxe3 Qxd5 0-1

[Event "Maipu Magistral"]
[Site "Maipu"]
[Date "2002.08.31"]
[Round "9"]
[White "Riffo Paz, Elizardo"]
[Black "Martinez Guajardo, Eric"]
[Result "1-0"]
[WhiteElo "2256"]
[BlackElo "2113"]
[PlyCount "89"]
[EventDate "2002.08.17"]
[EventType "tourn"]
[EventRounds "11"]
[EventCountry "CHI"]
[EventCategory "1"]
[SourceTitle "EXT 2006"]
[Source "ChessBase"]
[SourceDate "2005.11.24"]
[SourceVersion "1"]
[SourceVersionDate "2005.11.24"]
[SourceQuality "1"]

1. e4 c5 2. c3 Nf6 3. e5 Nd5 4. d4 cxd4 5. Nf3 Nc6 6. Bc4 Nb6 7. Bb3 d5 8. cxd4 Bg4 9. Be3 e6 10. Nbd2 Bb4 11. a3 Be7 12. Rc1 0-0 13. h3 Bh5 14. Bc2 Bg6 15. 0-0 Bxc2 16. Rxc2 f6 17. exf6 Bxf6 18. b4 e5 19. dxe5 Nxe5 20. Nxe5 Bxe5 21. Nf3 Bc7 22. Ng5 Rf6 23. Qd3 Rg6 24. h4 Qd6 25. g3 Bd8 26. Bc5 Qd7 27. Nxh7 Qf7 28. Ng5 Bxg5 29. hxg5 Rxg5 30. Re1 Nd7 31. Re7 Nxc5 32. Qe3 Qf6 33. Rxc5 Rf8 34. Rcc7 Rg6 35. Rxb7 d4 36. Qb3+ Kh8 37. Rf7 Rxf7 38. Rxf7 Qd6 39. Rxa7 Qc6 40. Qf7 d3 41. Rc7 Qe4 42. Rc8+ Kh7 43. Qg8+ Kh6 44. Qh8+ Kg5 45. Rc5+ 1-0

[Event "Maipu Magistral"]
[Site "Maipu"]
[Date "2002.08.19"]
[Round "3"]
[White "Riffo Paz, Elizardo"]
[Black "Velasquez Ojeda, Cesar"]
[Result "0-1"]
[WhiteElo "2256"]
[BlackElo "2323"]
[PlyCount "32"]
[EventDate "2002.08.17"]
[EventType "tourn"]
[EventRounds "11"]
[EventCountry "CHI"]
[EventCategory "1"]
[SourceTitle "EXT 2006"]
[Source "ChessBase"]
[SourceDate "2005.11.24"]
[SourceVersion "1"]
[SourceVersionDate "2005.11.24"]
[SourceQuality "1"]

1. e4 Nc6 2. Nf3 e5 3. d4 exd4 4. Nxd4 g6 5. Nxc6 bxc6 6. Qd4 f6 7. Bc4 Bg7 8. 0-0 Nh6 9. Nc3 Nf7 10. Bxf7+ Kxf7 11. Bf4 Re8 12. Rfe1 Re6 13. Qc4 Rb8 14. Na4 d6 15. Qxc6 Rb4 16. a3 Bb7 0-1

[Event "Maipu Magistral"]
[Site "Maipu"]
[Date "2002.08.18"]
[Round "2"]
[White "Toloza Soto, Pablo Alejandro"]
[Black "Riffo Paz, Elizardo"]
[Result "1-0"]
[WhiteElo "2385"]
[BlackElo "2256"]
[PlyCount "47"]
[EventDate "2002.08.17"]
[EventType "tourn"]
[EventRounds "11"]
[EventCountry "CHI"]
[EventCategory "1"]
[SourceTitle "EXT 2006"]
[Source "ChessBase"]
[SourceDate "2005.11.24"]
[SourceVersion "1"]
[SourceVersionDate "2005.11.24"]
[SourceQuality "1"]

1. d4 Nf6 2. Nf3 d5 3. c4 c6 4. Nc3 e6 5. Bg5 dxc4 6. e4 b5 7. e5 h6 8. Bh4 g5 9. Nxg5 hxg5 10. Bxg5 Be7 11. exf6 Bxf6 12. Be3 Bb7 13. Qf3 Bxd4 14. 0-0-0 Bxe3+ 15. Qxe3 Qe7 16. Ne4 Na6 17. Qc3 Rh4 18. Nf6+ Kf8 19. Rd7 b4 20. Qf3 Nc5 21. Rxe7 Kxe7 22. Ng4 f5 23. Ne3 Ba6 24. Qg3 1-0

[Event "CHI-ch "]
[Site "Santiago de Chile"]
[Date "2002.02.18"]
[Round "8"]
[White "Dobson Aguilar, Luis Francisco"]
[Black "Riffo Paz, Elizardo"]
[Result "1-0"]
[WhiteElo "2312"]
[BlackElo "2159"]
[PlyCount "79"]
[EventDate "2002.02.12"]
[EventType "swiss"]
[EventRounds "11"]
[EventCountry "CHI"]
[SourceTitle "CBM 086 Extra"]
[Source "ChessBase"]
[SourceDate "2002.03.14"]
[SourceVersion "1"]
[SourceVersionDate "2002.03.14"]
[SourceQuality "1"]

1. e4 c6 2. d4 d5 3. e5 Bf5 4. Nc3 a6 5. Be3 Qc7 6. h3 e6 7. Nge2 f6 8. g4 Bg6 9. f4 Nd7 10. Qd2 0-0-0 11. 0-0-0 Nb6 12. Ng3 fxe5 13. fxe5 c5 14. h4 c4 15. h5 Be8 16. Bg5 Rd7 17. Qe3 Bb4 18. Nge2 Rf7 19. Bh3 Ne7 20. Bh4 Rhf8 21. Rhf1 Na4 22. Rxf7 Rxf7 23. Be1 Qa5 24. a3 Nxc3 25. Nxc3 Bxc3 26. Bxc3 Qb6 27. Bb4 Nc6 28. Bc5 Qa5 29. g5 Nd8 30. g6 hxg6 31. hxg6 Rc7 32. Rg1 b6 33. Bd6 Rb7 34. c3 Qa4 35. Qg5 Qd7 36. Rf1 b5 37. Rf8 a5 38. Qh5 Nc6 39. Qh8 Kd8 40. Qg8 1-0